Personal evangelism, (Record no. 2886)
[ view plain ]
| 000 -LEADER | |
|---|---|
| fixed length control field | 00686cam a22002411 4500 |
| 001 - CONTROL NUMBER | |
| control field | 26974 |
| 003 - CONTROL NUMBER IDENTIFIER | |
| control field | GBCCL |
| 005 - DATE AND TIME OF LATEST TRANSACTION | |
| control field | 20241126110442.0 |
| 008 - FIXED-LENGTH DATA ELEMENTS--GENERAL INFORMATION | |
| fixed length control field | 790723s1956 ilu 000 0 eng |
| 010 ## - | |
| -- | 56014230 /L/r85 |
| 035 ## - SYSTEM CONTROL NUMBER | |
| System control number | (OCoLC)02102980 |
| 040 ## - CATALOGING SOURCE | |
| Original cataloging agency | DLC |
| Transcribing agency | DLC |
| 049 ## - | |
| -- | LBBK |
| 050 00 - | |
| -- | BV3790 |
| -- | .M22 |
| 082 0# - DEWEY DECIMAL CLASSIFICATION NUMBER | |
| Classification number | 269 |
| -- | 253 |
| Item number | MAC |
| 100 1# - MAIN ENTRY--PERSONAL NAME | |
| Personal name | Macaulay, J. C. |
| Fuller form of name | (Joseph Cordner), |
| Dates associated with a name | 1900- |
| 9 (RLIN) | 6047 |
| 245 10 - TITLE STATEMENT | |
| Title | Personal evangelism, |
| Statement of responsibility, etc. | by J. C. Macaulay and Robert H. Belton. |
| 260 ## - PUBLICATION, DISTRIBUTION, ETC. | |
| Place of publication, distribution, etc. | Chicago, |
| Name of publisher, distributor, etc. | Moody Press |
| Date of publication, distribution, etc. | [1956] |
| 300 ## - PHYSICAL DESCRIPTION | |
| Extent | 255 p. |
| Dimensions | 22 cm. |
| 650 #0 - SUBJECT ADDED ENTRY--TOPICAL TERM | |
| Topical term or geographic name entry element | Evangelistic work. |
| 9 (RLIN) | 290 |
| 700 1# - ADDED ENTRY--PERSONAL NAME | |
| Personal name | Belton, Robert H., |
| Relator term | joint author. |
| 9 (RLIN) | 6048 |
| 942 ## - ADDED ENTRY ELEMENTS (KOHA) | |
| Source of classification or shelving scheme | Dewey Decimal Classification |
| Koha item type | Books |
| Koha issues (borrowed), all copies | 21 |
| Withdrawn status | Lost status | Source of classification or shelving scheme | Damaged status | Not for loan | Home library | Current Library | Shelving location | Date acquired | Total checkouts | Total renewals | Full call number | Barcode | Date last seen | Date last checked out | Copy number | Price effective from | Koha item type |
|---|---|---|---|---|---|---|---|---|---|---|---|---|---|---|---|---|---|
| Dewey Decimal Classification | GRACE BIBLE COLLEGE | GRACE BIBLE COLLEGE | Ministry & Mission | 2017-10-05 | 10 | 1 | 269 MAC | 006098 | 2025-05-01 | 2023-03-20 | c.1 | 2017-10-05 | Books | ||||
| Dewey Decimal Classification | GRACE BIBLE COLLEGE | GRACE BIBLE COLLEGE | Ministry & Mission | 2018-09-21 | 14 | 269 MAC | 013617 | 2026-03-02 | 2026-02-26 | c.2 | 2018-09-21 | Books |